000 01024nam0a22002411 4500
001 rc\3401867
005 20250609231237.0
035 _a(NLR Aleph) 007546924
090 _a9798626
_c9798626
100 _a20130115d1974 |||y0rusy50 ca
101 0 _arus
102 _aRU
105 _ay z |||||
200 1 _aПятнадцать методов прогнозирования и перспективного планирования в теоретическом и прикладном аспектах
_fЭст. отд-ние ЦЭМИ АН СССР
210 _aТаллин
_cБ. и.
_d1974
215 _a5, 25 п. л.
700 1 _aРентер
_bР.Ю.
_gРаул Юлиусович
801 0 _aRU
_bNLR
_gpsbo
801 1 _aRU
_bELAR
_2rusmarc
830 _aИсточник: Р.Ю. Рентер. Теоретико-методические и прикладные проблемы соц.-экон. прогностики АДД. Таллин, 1975, с. 62
852 _aNLR
_jDesideratum
942 _cBOOK
980 _aNB